000 00707nam a22002171c 4500
001 21916827x
008 160826s1972 gw a||| 000u ger d
020 _a3525564287
_93-525-56428-7
100 1 _aFelmy, Karl Christian
245 0 0 _aPredigt im orthodoxen Rußland :
_bUntersuchungen zu Inhalt und Eigenart der russischen Predigt in der 2. Hälfte des 19. Jahrhunderts /
_cKarl Christian Felmy
246 1 0 _aneunzehnten
264 _aGöttingen :
_bVandenhoeck & Ruprecht,
_c1972
300 _a320 S : Ill
650 0 _aPredigt
650 0 _aOstchristentum
651 0 _aRussland
942 _cMG
040 _cRU-10907106
003 RU-10907106
999 _c39284
_d39284
490 0 _aKirche im Osten
_vMonographienreihe ; 11